| 000 | 010060000a22002650004500 | ||
|---|---|---|---|
| 001 | 48766 | ||
| 100 | _a20030130d1987 a||y0pory5003 ba | ||
| 101 | 0 | _apor | |
| 102 | _aPT | ||
| 200 | 1 |
_aA àrvore _fSophia de Mello Breyner Andresen |
|
| 205 | _a3ª. ed. | ||
| 210 |
_a[Porto] _cFigueirinhas _d1987 |
||
| 215 |
_a47, [4] p _d16 cm |
||
| 300 | _aLivro recomendado pelo PNL | ||
| 606 |
_92126 _aLiteratura juvenil _xConto |
||
| 675 |
_a821.134.3-34 _vBN _zpor |
||
| 700 | 1 |
_950173 _aAndresen _bSofia de Melo Breyner _f1919-2004 |
|
| 090 | _a48766 | ||
| 942 |
_cMON _n0 |
||
| 999 | _a48766 | ||